INTERNATIONAL TRADE AND EXPORT MANAGEMEN (Record no. 2656)

MARC details
000 -LEADER
fixed length control field 00319nam a2200121Ia 4500
008 - FIXED-LENGTH DATA ELEMENTS--GENERAL INFORMATION
fixed length control field 240624s9999 xx 000 0 und d
041 ## - LANGUAGE CODE
Language code of text/sound track or separate title eng
082 ## - DEWEY DECIMAL CLASSIFICATION NUMBER
Classification number 382.6 CHE
100 ## - MAIN ENTRY--PERSONAL NAME
Personal name CHERUNILAM FRANCIS
245 ## - TITLE STATEMENT
Title INTERNATIONAL TRADE AND EXPORT MANAGEMEN
260 ## - PUBLICATION, DISTRIBUTION, ETC.
Date of publication, distribution, etc. 2005
Place of publication, distribution, etc. Mumbai
Name of publisher, distributor, etc. Himalaya
300 ## - PHYSICAL DESCRIPTION
Extent 524 : p. : cm. ; 26
Holdings
Withdrawn status Lost status Damaged status Not for loan Home library Current library Shelving location Date acquired Full call number Barcode Date last seen Price effective from Koha item type
Store Books       IMTN IMTN Rack 16-B 09/14/2005 382.6 CHE 2656 06/24/2024 06/24/2024 Books
Designed & Maintained by: LRC IMT Nagpur Contact: lrc@imtnag.ac.in© 2024. All Rights Reserved.